|
|
|
|
| LEADER |
00000nam0a2200000 4500 |
| 001 |
303489 |
| 005 |
20231102001616.0 |
| 020 |
|
|
|a RU
|b 83-37993
|
| 035 |
|
|
|a (RuTPU)RU\TPU\book\328712
|
| 090 |
|
|
|a 303489
|
| 100 |
|
|
|a 20150902d1983 km y0rusy5003 ca
|
| 101 |
0 |
|
|a rus
|
| 102 |
|
|
|a RU
|
| 105 |
|
|
|a a z 001zy
|
| 200 |
1 |
|
|a Кибернетическая лингвистика
|e [сборник статей]
|f Академия наук СССР (АН СССР), Научный совет по компоекснолй проблеие "Кибернетика" ; под ред. В. В. Иванова, В. П. Григорьева
|
| 210 |
|
|
|a Москва
|c Наука
|d 1983
|
| 215 |
|
|
|a 119 с.
|c ил.
|
| 320 |
|
|
|a Библиогр. в конце ст.
|
| 606 |
1 |
|
|a Математическая лингвистика
|2 stltpush
|3 (RuTPU)RU\TPU\subj\41204
|9 61012
|
| 610 |
1 |
|
|a кибернетическая лингвистика
|
| 610 |
1 |
|
|a текстовая информация
|
| 610 |
1 |
|
|a автоматическая обработка
|
| 610 |
1 |
|
|a ввод
|
| 610 |
1 |
|
|a тексты
|
| 610 |
1 |
|
|a ЭВМ
|
| 610 |
1 |
|
|a нейролингвистика
|
| 702 |
|
1 |
|a Иванов
|b В. В.
|g Вячеслав Всеволодович
|4 340
|
| 702 |
|
1 |
|a Григорьев
|b В. П.
|4 340
|
| 712 |
0 |
2 |
|a Академия наук СССР (АН СССР)
|b Научный совет по компоекснолй проблеие "Кибернетика"
|c (Ленинград/Москва)
|c (1925-1991)
|2 stltpush
|3 (RuTPU)RU\TPU\col\722
|
| 801 |
|
0 |
|a RU
|b RuMRKP
|c 19950704
|g psbo
|
| 801 |
|
1 |
|a RU
|b 63413507
|c 20150902
|
| 801 |
|
2 |
|a RU
|b 63413507
|c 20190701
|g RCR
|
| 942 |
|
|
|c BK
|